000 00421nam a2200169 a 4500
001 0000-9228
003 ELIB.Books
008 110520 1960
035 _a(ELIB.Books)0000-9380
082 _a616.8
_bRob
100 _aRobinson, Luther
245 _aWe made peace with polio
260 _bNashville: Broadman Press
_c1960
650 _aDiseases
942 _2ddc
_cBK
998 _cbat
_e2011-05-20
999 _c9228
_d9228